| 000 | 00417nam a22001577a 4500 | ||
|---|---|---|---|
| 999 |
_c9051 _d9051 |
||
| 003 | OSt | ||
| 008 | 200715b ||||| |||| 00| 0 eng d | ||
| 020 | _a 9788185790107 | ||
| 100 | _a D'souza ,John I. and Killedar ,S.G. | ||
| 245 | _aBiotechnology and Fermentation Process | ||
| 250 | _a2018 | ||
| 260 |
_aNew Delhi _bNirali |
||
| 300 | _aPg-7.40 | ||
| 650 | _aPharmaceutical Microbiology/ Biotech | ||
| 942 |
_2ddc _cBK |
||